| 000 | 00683nam a2200205Ia 4500 | ||
|---|---|---|---|
| 003 | GCL | ||
| 008 | 140319s9999 xx 000 0 ara d | ||
| 040 |
_aGCL / _cGCL |
||
| 082 | 0 | 4 |
_aد _b050 _bو ع |
| 100 | 1 | _aسليمان ابراهيم العسكرى | |
| 245 | 1 | 0 |
_aالعربى 568 مارس 2006 ( صباح جديد على الكويت ) / _cسليمان ابراهيم العسكرى |
| 250 | _aالاولى | ||
| 260 |
_a[S.N] : _bدار سعاد الصباح ، _c2006 |
||
| 300 |
_a210ص ؛ _c24سم |
||
| 650 | 0 | 4 | _aالشعر العربى |
| 650 | 0 | 4 | _aالكويت |
| 650 | 0 | 4 | _aالمجتمع العربى |
| 650 | 0 | 4 | _aالبحث العلمى |
| 942 |
_2ddc _cBK |
||
| 999 |
_c47325 _d47325 |
||